000 00869nam a22002417a 4500
005 20160502105902.0
010 _a1516ENO7 ENG-114969
020 _a9788186423608
_c225.00
035 _aEN-98501
035 _aB-610755-768
037 _adpl
_bUBH/Ven
037 _bDBAD/PUB
082 _a883.08
100 _aLawrence,D.H.
245 _aSons and lovers :
_cby D.H. Lawrence ; edited by Ashok Celly
_bwith introduction, annotations & critical essays /
260 _aDelhi
_bWorldview Publications
_c2015
270 _a58 U.B.,Bungalow Road,
_bDelhi
_e110007
300 _axxvi,510p.
_c22cm(pbk)
500 _aIncludes bibliographical references
700 _aCelly Ashok
942 _2ddc
_cEN
_mLAW
_h883.08
999 _c96379
_d96379